Statistics for Fix You Lyrics

Click here to take the quiz!

General Stats

  • This quiz has been taken 16 times
  • The average score is 151 of 176

Answer Stats

HintAnswer% Correct
be
100%
but
100%
don't
100%
fix
100%
get
100%
I
100%
not
100%
to
100%
try
100%
Verse 1When
100%
when
100%
will
100%
you
100%
your
100%
and
93%
Verse 2And
93%
best
93%
can't
93%
guide
93%
home
93%
need
93%
so
93%
succeed
93%
want
93%
what
93%
go
87%
in
87%
ChorusLights
87%
the
87%
bones
80%
down
80%
face
80%
goes
80%
it
80%
let
80%
love
80%
reverse
80%
BridgeTears
80%
tears
80%
could
73%
feel
73%
if
73%
ignite
73%
lose
73%
replace
73%
sleep
73%
someone
73%
somethin'
73%
stream
73%
stuck
73%
worse
73%
know
67%
never
67%
tired
67%
up
67%
waste
67%
you're
67%
cannot
60%
just
60%
streamin'
60%
you'll
60%
below
53%
or
53%
too
53%
above
47%
come
47%
worth
47%
high
40%
from
33%
my
27%
promise
27%
learn
20%
mistakes
20%

Score Distribution

Percentile by Number Answered

Percent of People with Each Score

Your Score History

You have not taken this quiz